000 00341nam a2200145Ia 4500
008 240624s9999 xx 000 0 und d
041 _aeng
082 _a005.758 SMI
100 _aSMITH PATRICK
245 _aCLIENT SERVER COMPUTING
250 _a(2nd ed.)
260 _c2002
_aNew Delhi
_bPrentice-Hall
300 _axxv, : 354
365 _cRS
999 _c328
_d328